00651nam a22002055a 450000500170000000800410001701000140005802000260007203500130009803700150011104000180012608200160014410000200016024500570018026000320023727000670026930000280033650000500036465000310041420090622153552.0090226s2007 ii a b 001 0 eng  aENG-94179 a9780415484497c350.00 aEN-77712 bDBAD / PUB adplbEnglish  a320.1209515 aAnand, Dibyesh  aTibet:ba victim of geopolitics /cby Dibyesh Anand  aNew Delhi bRoutledgec2007 a912-915 Tolstoy House 15-17 Tolstoy Marg, bNew Delhi e110001 axix, 190p. c23cm(pbk)  aIncludes bibliographical references and index aGeopoliticszTibet (China)